Grammatical structure and its teaching : (Record no. 5828)
[ view plain ]
| 000 -LEADER | |
|---|---|
| fixed length control field | 00790nam a22002412a 4500 |
| 001 - CONTROL NUMBER | |
| JCCL Control Number | 5828 |
| 003 - CONTROL NUMBER IDENTIFIER | |
| JCCL marc code | BD-JhCC |
| 005 - DATE AND TIME OF LATEST TRANSACTION | |
| control field | 20171227164519.0 |
| 008 - FIXED-LENGTH DATA ELEMENTS--GENERAL INFORMATION | |
| fixed length control field | 500101s1968 nr 000 0 eng d |
| 035 ## - SYSTEM CONTROL NUMBER | |
| system control number | (BD-JhCC)5828 |
| 040 ## - CATALOGING SOURCE | |
| Original cataloging agency | EUN |
| Transcribing agency | EUN |
| Modifying agency | EQO |
| 041 ## - LANGUAGE CODE | |
| Language code of Book | eng |
| 082 ## - DEWEY DECIMAL CLASSIFICATION NUMBER | |
| Classification number | 425 |
| Author mark and Year | BOA 1968 |
| 100 1# - MAIN ENTRY--PERSONAL NAME | |
| Personal name | Boadi, L. A. |
| 245 10 - TITLE STATEMENT | |
| Title | Grammatical structure and its teaching : |
| Remainder of title | an account of some representative patterns of English grammatical structure, with notes on their teaching / |
| Statement of responsibility, etc | [by] L.A. Boadi, D.W. Grieve, Bridget Nwankwo |
| 260 ## - PUBLICATION, DISTRIBUTION, ETC. (IMPRINT) | |
| Place of publication, distribution, etc | Lagos : |
| Name of publisher, distributor, etc | African Universities Press, |
| Date of publication, distribution, etc | 1968. |
| 300 ## - PHYSICAL DESCRIPTION | |
| Pagination | 280 p. : |
| Dimensions | 21 cm. |
| 650 #0 - SUBJECT ADDED ENTRY--TOPICAL TERM | |
| Topical term or geographic name as entry element | English language |
| General subdivision | Grammar |
| -- | Study and teaching |
| 700 1# - ADDED ENTRY--PERSONAL NAME | |
| Personal name | Grieve, D. W. |
| 700 1# - ADDED ENTRY--PERSONAL NAME | |
| Personal name | Nwankwo, Bridget. |
| 942 ## - ADDED ENTRY ELEMENTS (KOHA) | |
| Source of classification or shelving scheme | Dewey Decimal Classification |
| Koha item type | Books |
| Source of classification or shelving scheme | Damaged status | Not for loan | Home library | Current library | Shelving location | Date of accession | Total Checkouts | Full call number | Barcode | Date last seen | Copy number | Koha item type |
|---|---|---|---|---|---|---|---|---|---|---|---|---|
| Dewey Decimal Classification | JCC Rouf Library | JCC Rouf Library | General Stacks | 12/26/2017 | 425 BOA 1968 | 915 | 12/27/2017 | C-1 | Books |